Times mais vezes campeões da NBA - Statistics

Estatísticas Gerais
  • Esse quiz foi jogado 1 203 vezes
  • A pontuação média é 14 de 19
Estatísticas das Respostas
Vezes Time % Correto
16 Los Angeles/Minneapolis Lakers
99%
17 Boston Celtics
98%
6 Chicago Bulls
95%
5 Golden State/Philadelphia Warriors
94%
3 Miami Heat
88%
5 San Antonio Spurs
87%
1 Milwaukee Bucks
79%
3 Detroit Pistons
78%
2 Houston Rockets
78%
1 Cleveland Cavaliers
76%
3 Philadelphia 76ers/Syracuse Nationals
76%
1 Dallas Mavericks
73%
2 New York Knicks
73%
1 Oklahoma City Thunder/Seattle SuperSonics
68%
1 Atlanta/St. Louis Hawks
64%
1 Washington Wizards/Bullets
61%
1 Sacramento Kings/Rochester Royals
57%
1 Portland Trail Blazers
45%
1 (✝) Baltimore Bullets
27%
Nenhum quiz correspondente encontrado
Distribuição das Pontuações
Porcentagem de Pessoas com Cada Pontuação
Percentil de Números Respondidos
Sua Pontuação Histórica
Você não jogou esse quiz